Decrease in community antibiotic consumption during the COVID-19 pandemic, EU/EEA, 2020
We present a European Union/European Economic Area-wide overview of the changes in consumption of antibacterials for systemic use (ATC J01) in the community between 2019 and 2020 as reported to the European Surveillance of Antimicrobial Consumption Network. Overall antibiotic consumption decreased b...
Elmentve itt :
| Szerzők: | |
|---|---|
| Dokumentumtípus: | Cikk |
| Megjelent: |
2021
|
| Sorozat: | EUROSURVEILLANCE
26 No. 46 |
| Tárgyszavak: | |
| doi: | 10.2807/1560-7917.ES.2021.26.46.2101020 |
| mtmt: | 32501764 |
| Online Access: | http://publicatio.bibl.u-szeged.hu/22966 |
| LEADER | 01535nab a2200277 i 4500 | ||
|---|---|---|---|
| 001 | publ22966 | ||
| 005 | 20211213150012.0 | ||
| 008 | 211201s2021 hu o 0|| Angol d | ||
| 022 | |a 1025-496X | ||
| 024 | 7 | |a 10.2807/1560-7917.ES.2021.26.46.2101020 |2 doi | |
| 024 | 7 | |a 32501764 |2 mtmt | |
| 040 | |a SZTE Publicatio Repozitórium |b hun | ||
| 041 | |a Angol | ||
| 100 | 1 | |a Högberg Liselotte Diaz | |
| 245 | 1 | 0 | |a Decrease in community antibiotic consumption during the COVID-19 pandemic, EU/EEA, 2020 |h [elektronikus dokumentum] / |c Högberg Liselotte Diaz |
| 260 | |c 2021 | ||
| 300 | |a Terjedelem: 5 p-Azonosító: 2101020 | ||
| 490 | 0 | |a EUROSURVEILLANCE |v 26 No. 46 | |
| 520 | 3 | |a We present a European Union/European Economic Area-wide overview of the changes in consumption of antibacterials for systemic use (ATC J01) in the community between 2019 and 2020 as reported to the European Surveillance of Antimicrobial Consumption Network. Overall antibiotic consumption decreased by 18.3% between 2019 and 2020, the largest annual decrease in the network's two-decade history. We observed a strong association between the level of community antibiotic consumption in 2019 and the size of the decrease between 2019 and 2020. | |
| 650 | 4 | |a Általános orvostudomány | |
| 700 | 0 | 2 | |a Vlahović-Palčevski Vera |e aut |
| 700 | 0 | 2 | |a Pereira Cátia |e aut |
| 700 | 0 | 2 | |a Weist Klaus |e aut |
| 700 | 0 | 2 | |a Monnet Dominique L. |e aut |
| 700 | 0 | 2 | |a Matuz Mária |e aut |
| 856 | 4 | 0 | |u http://publicatio.bibl.u-szeged.hu/22966/1/eurosurv-26-46-2.pdf |z Dokumentum-elérés |